000 00502 a2200181 4500
020 _a8120405293
082 _a658.562
090 _c1019
_d1019
100 _aProkopenko, Joseph
245 _aProductivity Management
_bA Pratical handbook
_cJoseph Prokopenko
260 _aNew Delhi, India
_bOxford & IBH Publishing CO.
_c1999
300 _a287
500 _aHard Cover
600 _aProkopenko, Joseph
700 _aProkopenko, Joseph
856 _3Text book Section
942 _aNBS
_cBK
_k658.562
999 _c343554
_d343554